| LEADER |
01225nam0a2200229 450 |
| 001 |
16868329 |
| 010 |
|
|
|a 978-2-8082-1246-5
|b rel.
|d 12,95
|
| 100 |
|
|
|a 20260529d2026 u u0frey01 ba
|
| 101 |
0 |
|
|a fre
|
| 102 |
|
|
|a BE
|
| 200 |
0 |
|
|a Eclair de génie
|f scénario, Zidrou
|g dessin, Turk - couleur, Kaël - dessin, Turk - couleur, Kaël - dessin, Turk - couleur, Kaël
|
| 207 |
|
1 |
|a
|
| 210 |
|
|
|a Bruxelles
|c Le Lombard
|d DL 2025
|
| 215 |
|
|
|a 1 vol. (46 p.)
|c ill. en coul.
|d 30 cm
|
| 225 |
1 |
|
|a Léonard
|v 56
|
| 330 |
|
|
|a Léonard voit les choses en grand, très grand ! son dernier projet ? Fonder la Siliconval(i) du Moyen Âge et révolutionner les télécoms avec sa société Génie.com. Crypto-monnaie, panneaux solaires et OGM s'invitent à la ferme, avec le génie farfelu du Maître et la maladresse légendaire du disciple. Un concentré d'humour absurde et d'inventions (presque) révolutionnaires, signé par la série culte qui défie la logique depuis 56 tomes.
|
| 461 |
|
0 |
|t Léonard
|v 56
|
| 700 |
|
0 |
|a Zidrou
|f 1962-....
|4 70
|
| 702 |
|
0 |
|a Turk
|f 1947-....
|4 440
|
| 900 |
|
|
|a Bande Dessinée (enfants)
|
| 901 |
|
|
|a Jeunesse
|
| 995 |
|
|
|a Médiathèque
|c Médiathèque
|f 089021887
|h 089021887
|k BD LEO
|o p
|q j
|r az
|e Médiathèque
|